Normal view
MARC view
- علم الاجتماع - نقد علم الاجتماع الغربي - فلسفة علم الاجتماع
Entry Topical Term
001 - CONTROL NUMBER
- control field: 52436
003 - CONTROL NUMBER IDENTIFIER
- control field: JO-AjAnu
005 - DATE AND TIME OF LATEST TRANSACTION
- control field: 20230606082623.0
008 - FIXED-LENGTH DATA ELEMENTS
- fixed length control field: 230606|| aca||aabn | a|a d
040 ## - CATALOGING SOURCE
- Original cataloging agency: JO-AjAnu
- Transcribing agency: JO-AjAnu
150 ## - HEADING--TOPICAL TERM
- Topical term or geographic name entry element: علم الاجتماع - نقد علم الاجتماع الغربي - فلسفة علم الاجتماع
670 ## - SOURCE DATA FOUND
- Source citation: Work cat.: (JO-AjAnu)26795: تأليف والرستاين، ايمانويل؛ ترجمة محمود الذوادي, author 52435, علم الاجتماع الغربي: مساءلة ومحاكمة : كبير علماء الاجتماع يراجع فكر الرواد